La question scolaire dans l'Algérie coloniale école promise - école revendiquée (les années vingt) /

Elmentve itt :
Bibliográfiai részletek
Szerző: Koulakssis Ahmed
Dokumentumtípus: Cikk
Megjelent: Université de Szeged Szeged 1993
Sorozat:Mediterrán tanulmányok 5
Kulcsszavak:Oktatásügy - Algéria - 1920-as évek
Tárgyszavak:
Online Access:http://acta.bibl.u-szeged.hu/7635
LEADER 00809nab a2200205 i 4500
001 acta7635
005 20251209121354.0
008 161015s1993 hu o 000 fre d
022 |a 0238-8308 
040 |a SZTE Egyetemi Kiadványok Repozitórium  |b hun 
041 |a fre 
100 1 |a Koulakssis Ahmed 
245 1 3 |a La question scolaire dans l'Algérie coloniale   |h [elektronikus dokumentum] :  |b école promise - école revendiquée (les années vingt) /  |c  Koulakssis Ahmed 
260 |a Université de Szeged  |b Szeged  |c 1993 
300 |a 121-131 
490 0 |a Mediterrán tanulmányok  |v 5 
650 4 |a Bölcsészettudományok 
650 4 |a Történettudomány és régészet 
695 |a Oktatásügy - Algéria - 1920-as évek 
856 4 0 |u http://acta.bibl.u-szeged.hu/7635/1/mediterran_005_121-131.pdf  |z Dokumentum-elérés